| 000 | 01576cam a2200241 4500 | ||
|---|---|---|---|
| 001 | ##L133016 | ||
| 008 | 060403n2006 000 0 eng u | ||
| 020 | _a0110740742 | ||
| 035 | _a(Sirsi) u133016 | ||
| 041 | 0 | _aeng | |
| 245 | 0 | 4 | _aThe Management of Houses in Multiple Occupation (England) Regulations 2006 |
| 260 |
_aLondon _bTSO _c2006 |
||
| 490 | 0 |
_aSI _v2006: 372 |
|
| 520 | _aApply to houses in multiple occupation (HMOs) in England but do not apply to converted blocks of flats to which the Housing Act 2004 s257applies. Imposes duties on a person managing an HMO in respect of: providing information to occupiers; taking safety measures, including fire safety measures; maintaining the water supply and drainage; supplying and maintaining gas and electricity, including having it regularly inspected; maintaining common parts, fixtures, fittings and appliances, maintaining living accommodation, and providing waste disposal facilities. Also imposes duties on occupiers of an HMO for the purpose of ensuring that the person managing it can effectively carry out the duties imposed on him by these Regulations. | ||
| 650 | 2 | 4 | _aHOUSING ACT 2004 |
| 650 | 2 | 4 | _aHOUSING ACT 2004 S234(3) |
| 650 | 2 | 4 | _aHOUSING ACT 2004 S257 |
| 650 | 2 | 4 | _aMANAGEMENT OF HOUSES IN MULTIPLE OCCUPATION (ENGLAND) REGULATIONS 2006 |
| 650 | _aHOUSING ACT 2004 PART II | ||
| 690 | _aPROPERTY-RESIDENTIAL PROPERTY-RESIDENTIAL PROPERTY MANAGEMENT | ||
| 856 | 4 | 0 |
_uhttps://www.opsi.gov.uk/si/si2006/20060372.htm _zView the Regulations free of charge at www.opsi.gov.uk.. |
| 942 | _n0 | ||
| 999 |
_c105312 _d105312 |
||